[Event "Interzonal-16"]
[Site "Biel"]
[Date "1993.??.??"]
[Round "4"]
[White "Gulko, Boris F"]
[Black "Lobron, Eric"]
[Result "1-0"]
[WhiteElo "2635"]
[BlackElo "2575"]
[Annotator "Hertneck,G"]
[PlyCount "147"]
[EventDate "1993.07.16"]
[EventType "swiss"]
[EventRounds "13"]
[EventCountry "SUI"]
[SourceTitle "CBM 037"]
[Source "ChessBase"]
[SourceDate "1993.12.01"]
[SourceVersion "1"]
[SourceVersionDate "1993.12.01"]
[SourceQuality "1"]

1. c4 c6 2. d4 d5 3. cxd5 cxd5 4. Bf4 $5 Nc6 5. e3 Nf6 6. Bd3 Bg4 7. Ne2 e6 8.
Qb3 Bxe2 $6 (8... Bb4+) 9. Bxe2 Bb4+ 10. Nc3 O-O 11. O-O $14 Bxc3 $6 (11... Rc8
12. Rfc1 Qd7) 12. bxc3 Na5 (12... Ne4 13. Qxb7 Nxc3 14. Bd3 $16) 13. Qb4 Ne4 (
13... Rc8 14. Rfc1 Ne4 15. Bd3 $14) 14. f3 Nd2 15. Rfe1 (15. Rfd1 $6 Ndc4 16.
Bxc4 $2 (16. e4 $14) 16... Nxc4 17. Qxb7 g5 $1 $132) 15... Ndc4 $2 (15... Rc8
$1 16. e4 Ndc4 17. Bd3 $14) 16. Bxc4 $1 $16 Nxc4 (16... dxc4) 17. Qxb7 Qa5 18.
Qb4 Rfc8 19. Qxa5 Nxa5 20. Rec1 Rc6 21. Rab1 a6 22. Kf2 f6 23. Ke2 g5 24. Bb8
Nc4 25. Rb7 Na5 26. Rb4 Kf7 27. Kd3 h5 28. e4 Kg6 29. Rcb1 h4 30. h3 Kf7 31.
Rb6 Rc8 32. Bd6 Nc4 33. Rb7+ Kg6 34. Bc5 Re8 35. Rd7 Rad8 36. Rxd8 Rxd8 37. Rb7
Re8 38. Ba7 a5 39. Bc5 Kh6 40. Rd7 Nb2+ 41. Ke2 Kg6 42. Ba3 Na4 43. Rc7 Rb8 44.
Kd3 Nb2+ 45. Kc2 Nc4 46. Bc1 a4 47. Ra7 a3 48. Rd7 Rb5 49. Re7 Rb6 50. Rd7 Rb5
51. Rc7 Rb8 52. Rc5 Rd8 53. Rc6 Kf7 54. Rc7+ Kg6 55. Kd3 Rb8 56. Rc5 Rd8 57.
Rc6 Kf7 58. Rc7+ Kg6 59. Re7 Rd6 60. Rb7 f5 61. Rb8 f4 62. Rg8+ Kh5 63. Ra8 Rb6
64. Rd8 Rb5 65. exd5 exd5 66. Rxd5 Rxd5 67. Kxc4 Rd8 68. Bxa3 Kg6 69. Bc5 Ra8
70. a3 Kf5 71. Kb5 Ke6 72. a4 Kd7 73. a5 Kc7 74. Bb6+ 1-0

[Event "URS-ch58"]
[Site "Moscow"]
[Date "1991.??.??"]
[Round "8"]
[White "Krasenkow, Michal"]
[Black "Shabalov, Alexander"]
[Result "0-1"]
[WhiteElo "2550"]
[BlackElo "2535"]
[Annotator "Hertneck,G"]
[PlyCount "76"]
[EventDate "1991.11.??"]
[EventType "swiss"]
[EventRounds "11"]
[EventCountry "URS"]
[SourceTitle "URS-ch"]
[Source "ChessBase"]
[SourceDate "1999.07.01"]
[SourceVersion "1"]
[SourceVersionDate "1999.07.01"]
[SourceQuality "1"]

1. d4 d5 2. c4 c6 3. Nc3 e5 4. cxd5 cxd5 5. e4 dxe4 6. Bb5+ Bd7 7. dxe5 Nc6 8.
Bf4 {TN} (8. Qd5 Bb4 9. Nge2 a6 10. Bc4 Qe7 11. Bf4 {+/= Mueller-Haas, cr 1922,
ECO D10/4(24)}) 8... Nge7 9. Nge2 Ng6 10. Qd5 Bb4 11. Qxe4 Qh4 (11... O-O 12.
O-O Bxc3 13. Nxc3 Re8 $44) 12. O-O Bxc3 13. bxc3 O-O 14. Rad1 Ngxe5 $1 15. g3 (
15. Bxc6 Bxc6 16. Qxe5 Rfe8 17. Qg5 Qxg5 18. Bxg5 Rxe2 19. Rd2 $10) 15... Qh5 (
15... Qg4 $2 16. f3 Qe6 17. Bxe5 $18) 16. Bxe5 (16. Bxc6 $4 Bxc6 17. Qxe5 Qf3
$19) 16... Rae8 17. Rxd7 (17. Nf4 Qxe5 18. Qxe5 Rxe5 19. a4 $13) 17... Rxe5 {
=/+ >< c3} 18. Nf4 Qg4 19. Qd3 Rxb5 20. h3 Qg5 21. Re1 $2 (21. c4) 21... Ne5 $1
$19 22. Qd1 (22. Qxb5 Nf3+ $19) 22... Nxd7 23. Qxd7 Qf5 24. Qd1 h6 25. Kg2 Rb2
26. Qd4 Rxa2 27. Re5 Qf6 28. Qe3 Qb6 29. Qf3 Qd6 30. Re3 Qc6 31. Nd5 Kh8 32.
Re5 Rd2 33. Qe4 Qg6 34. Rf5 Rd8 35. Ne7 Qe6 36. Re5 Qb6 37. Qf4 Qf6 38. Nf5
R2d5 0-1

[Event "Munich SKA"]
[Site "Munich"]
[Date "1993.??.??"]
[Round "2"]
[White "Hertneck, Gerald"]
[Black "Shirov, Alexei"]
[Result "1-0"]
[WhiteElo "2575"]
[BlackElo "2670"]
[Annotator "Hertneck,G"]
[PlyCount "109"]
[EventDate "1993.05.??"]
[EventType "tourn"]
[EventRounds "11"]
[EventCountry "GER"]
[EventCategory "16"]
[SourceTitle "CBM 036"]
[Source "ChessBase"]
[SourceDate "1993.10.01"]
[SourceVersion "1"]
[SourceVersionDate "1993.10.01"]
[SourceQuality "1"]

1. d4 d5 2. c4 c6 3. Nc3 Nf6 4. cxd5 cxd5 5. Bf4 Nc6 6. e3 a6 7. Bd3 Bg4 8.
Nge2 e6 9. O-O Be7 10. a3 $146 (10. Bg3 {- 54/352}) (10. Rc1 {- 54/(352)})
10... O-O 11. b4 Rc8 $6 (11... b5 12. f3 $14) 12. Na4 a5 $6 (12... b5 $142 13.
Nc5 Qb6) 13. b5 $16 {|^<<} Nb8 14. f3 Bh5 (14... Bf5 $2 15. Bxf5 exf5 16. Qd3
$16) 15. Qb3 (15. b6 $5 {>< a5}) 15... Bd6 (15... b6 $5 {Mueller,Ka} 16. Bxb8
$5 (16. Rfc1 Rxc1+ 17. Rxc1 Bd6 18. Bxd6 Qxd6 19. Nf4 $14) 16... Rxb8 17. Rfc1
{/\ Rc6 +/-}) 16. Rfc1 Qe7 17. Nb6 $1 Rce8 $6 (17... Rxc1+ $2 18. Rxc1 Bxa3 19.
Rc7 Qb4 20. Qxb4 axb4 21. Rxb7 $18) (17... Rc7 18. Qa4 $140 $2 (18. Rc3 $142
Qd8 $1 19. Na4 $1 $16) 18... Bxf4 19. Nxf4 Qd8 20. Rxc7 Qxc7 21. Qxa5 Nbd7 22.
Nc4 b6 $19) 18. Qc3 e5 19. dxe5 (19. Bg5 $2 Qd8 $1 (19... e4 $2 20. Nxd5 Nxd5
21. Bxe7 Nxc3 22. Bxd6 $18) 20. Bxf6 Qxb6 $1 $13) 19... Bxe5 20. Bxe5 Qxe5 21.
Qxe5 Rxe5 22. Kf2 (22. Rc7 $5 Rxe3 23. Nf4 g5 $1 24. Nxh5 Nxh5 25. Bf1) 22...
Rfe8 (22... Re6 23. Nc8 $1 $16) 23. Rc7 $1 {>< Nb8} (23. Rc3 Kf8) 23... Rxe3
24. Nf4 Bg6 $2 (24... g5 25. Nxh5 (25. Nfxd5 $5 Nxd5 26. Nxd5 Rxd3 27. Nf6+ Kf8
28. Nxe8 Kxe8 29. Rxb7 Nd7 30. Rb1 $5 (30. b6 Bg6 $132) 30... Bg6 31. Rb2 Rxa3
32. b6 Nc5 33. Rb8+ Kd7 34. b7 Nd3+ 35. Kg3 Nxb2 36. Rd8+ Kxd8 37. b8=Q+ Kd7
38. Qb5+ Kd6 39. Qxb2 $16) 25... Nxh5 26. Bf1 Nf4 27. Rac1 $1 (27. Rxb7 Rc3 $1
$132) 27... d4 (27... Rxa3 28. Rc8 Ra2+ 29. Kg3 $16) 28. Rxb7 $16) 25. Rd1 $1
R3e7 (25... d4 26. Rxb7 Bxd3 27. Nxd3 Re2+ 28. Kf1 $16) 26. Rxe7 Rxe7 27. Bxg6
fxg6 28. Nfxd5 Re8 (28... Nxd5 29. Rxd5 Kf7 30. Rd8 Re8 31. Rxe8 Kxe8 32. Nc4
a4 33. Nb6 $16) 29. Nxf6+ gxf6 30. a4 Kf8 31. Nc4 $4 (31. Rc1 Kf7 32. Nc4 $1
$18) 31... Rc8 $1 $132 32. Nxa5 (32. Rd4 Nd7 33. Nxa5 Nc5 34. Rc4 Ra8 35. Rxc5
Rxa5 36. Rc4 $14) 32... b6 33. Nb3 (33. Nb7 Ke7) 33... Ke7 34. Re1+ $5 (34. Ra1
Rc2+) 34... Kd6 35. Nd2 Rc2 $6 (35... f5 $1 36. Ra1 $14) 36. Ke3 $1 (36. Re2
Kd5 37. Ne4 Rxe2+ 38. Kxe2 Nd7 39. Kd3 f5 $13) 36... Ra2 37. Ne4+ Ke6 $1 (37...
Ke7 $2 38. Nc3 $1 (38. Kd4 Rxa4+ 39. Kd5 Ra5 40. Nc3+ Kd7 41. Re6) 38... Rxg2
39. Nd5+ Kd6 40. Rd1 $1 Rxh2 41. Nxf6+ Ke6 42. Rd8 $16) (37... Kc7 $2 38. Nxf6
Rxg2 39. Nd5+) 38. Kd3 $1 Rxg2 39. Nd2+ Kd7 (39... Kd5 40. Nc4 $1 Rxh2 41. Re7
$18) (39... Kf7 40. Nc4 Nd7 41. Nd6+ Kg8 42. Re8+ Nf8 43. a5 $18) 40. Nc4 Kc7
41. Re7+ Nd7 42. Rxh7 Kd8 $2 (42... Ra2 43. Nxb6 Kxb6 44. Rxd7 Rxa4 45. Rd6+
Kxb5 46. Rxf6 Kc5 47. Rxg6 Kd5 48. Ke3 $16) 43. Kd4 $18 Rf2 44. Kd5 Rxf3 45.
Kc6 Ne5+ 46. Nxe5 fxe5 47. Rh8+ $1 Ke7 48. Kxb6 e4 49. Rh4 (49. Rc8 $18) 49...
Rf6+ 50. Ka7 $8 (50. Kc7 $2 e3 51. b6 e2 52. Re4+ Re6 53. Rxe2 Rxe2 54. b7 Rc2+
55. Kb6 Rb2+ 56. Ka7 Ra2 $1 $10) 50... e3 51. b6 e2 (51... Re6 52. b7 e2 53.
b8=Q e1=Q 54. Rh7+ Kf6 55. Qf4#) 52. Re4+ Re6 53. Rxe2 Rxe2 54. a5 $1 (54. b7
$4 Ra2 $10) 54... Rxh2 55. b7 1-0

[Event "Ciocaltea Memorial"]
[Site "Bucharest"]
[Date "1994.??.??"]
[Round "11"]
[White "Marin, Mihail"]
[Black "Cosma, Ioan"]
[Result "1/2-1/2"]
[WhiteElo "2530"]
[BlackElo "2435"]
[Annotator "Hertneck,G"]
[PlyCount "120"]
[EventDate "1994.02.??"]
[EventType "tourn"]
[EventRounds "13"]
[EventCountry "ROU"]
[EventCategory "9"]
[SourceTitle "CBM 040"]
[Source "ChessBase"]
[SourceDate "1994.06.01"]
[SourceVersion "1"]
[SourceVersionDate "1994.06.01"]
[SourceQuality "1"]

1. d4 d5 2. c4 c6 3. Nc3 e5 4. dxe5 d4 5. Ne4 Qa5+ 6. Bd2 Qxe5 7. Ng3 Nf6 8.
Nf3 Qd6 9. Qc2 Be7 10. O-O-O O-O 11. e3 (11. Bc3 {Kasparov,G}) 11... dxe3 12.
fxe3 (12. Bxe3 {Kasparov,G}) 12... Qc7 13. Bc3 Na6 14. a3 (14. Kb1 $2 Nb4 15.
Qc1 Ng4 $1 16. a3 a5 $1 $36 {Gurevich,M-Piket,Je/Antwerpen/1993}) 14... Ng4
$146 15. Re1 (15. Bd4 $2 c5 16. h3 cxd4 17. hxg4 g6 $17) 15... Bf6 (15... g6 $5
{/\ Nh2}) 16. Bd4 (16. h3 Bxc3 17. hxg4 h6 18. Qxc3 Qxg3 19. g5 hxg5 20. Bd3
$44) 16... g6 (16... c5 $5 17. h3 Nxe3 18. Bxe3 Qxg3 19. Bd3 h6 20. Qd2 {/\ Bf4
} Qc7 21. Bxh6 $1 Bxb2+ $1 $13) 17. Bd3 Re8 18. Kb1 Bd7 19. Ne4 Bxd4 20. exd4
Bf5 21. Ne5 (21. h3 Bxe4 22. Bxe4 Nf6 23. Bd3 $14) 21... Bxe4 22. Nxg4 Qf4 $10
23. h3 Bxd3 24. Qxd3 Rxe1+ 25. Rxe1 Rd8 26. d5 h5 27. Ne5 Nc5 28. Qc2 Re8 29.
Nd3 Rxe1+ 30. Nxe1 Qf1 31. Qd1 Qxc4 32. d6 Qe4+ 33. Nc2 Nd7 34. Qd2 Kg7 35. b4
Qd5 36. Qxd5 cxd5 37. Ne3 Kf6 38. Nxd5+ Ke5 39. Ne7 Nb6 40. Nc8 Ke6 41. Nxa7
Kxd6 42. Nb5+ Kc6 43. Nc3 Nd5 44. Ne2 Kb5 45. g3 Kc4 46. Kc2 g5 47. Kd2 f6 48.
Nc1 b5 49. Ke2 f5 50. Kf3 g4+ 51. hxg4 hxg4+ 52. Kf2 Kc3 53. Ne2+ Kd3 54. Nc1+
Ke4 55. Ne2 Ke5 56. Kg1 Nc7 57. Kf2 Ke4 58. a4 bxa4 59. Nc3+ Ke5 60. Nxa4 f4
1/2-1/2

[Event "Hoogovens"]
[Site "Wijk aan Zee"]
[Date "1991.01.??"]
[Round "3"]
[White "Seirawan, Yasser"]
[Black "Hansen, Curt"]
[Result "1/2-1/2"]
[WhiteElo "2595"]
[BlackElo "2565"]
[Annotator "Hertneck,G"]
[PlyCount "57"]
[EventDate "1991.01.??"]
[EventType "tourn"]
[EventRounds "13"]
[EventCountry "NED"]
[EventCategory "14"]
[SourceTitle "CBM 022"]
[Source "ChessBase"]
[SourceDate "1991.06.01"]
[SourceVersion "1"]
[SourceVersionDate "1991.06.01"]
[SourceQuality "1"]

1. d4 d5 2. c4 c6 3. Nc3 e5 4. dxe5 (4. cxd5 cxd5 5. Nf3 e4 6. Ne5 Be7 7. Qa4+
Kf8 8. h3 f6 9. Ng4 Nc6 10. Bf4 Be6 11. Ne3 $13 {Uhlmann,W-Hector,J Debrecen
1989, i47/455}) 4... d4 5. Ne4 Qa5+ 6. Nd2 Nh6 $5 (6... Nd7 7. Ngf3 Nxe5 8.
Nxd4 Nxc4 9. N4b3 Qa4 $10 {ECO}) 7. Ngf3 Nf5 8. g3 Ne3 9. fxe3 dxe3 10. Bg2
exd2+ {TN} (10... Bc5 $2 11. a3 exd2+ 12. Bxd2 Qb6 13. b4 {+/- Taimanov}) 11.
Bxd2 Bb4 12. O-O Bxd2 13. Qxd2 Qxd2 14. Nxd2 Nd7 15. Nf3 a5 $1 16. Rad1 Ke7 17.
Rd4 Nc5 18. b3 Be6 19. Ng5 $5 (19. Kf2 $5) 19... h6 20. Nxe6 $6 (20. Ne4 $14)
20... Nxe6 {Now only black plays for a win} 21. Rd6 Nc5 22. Rfd1 Rhe8 $1 {
/\ Kf8} 23. a3 Red8 $1 (23... Rad8 $2 24. Bh3 Nxb3 25. Rd7+ Rxd7 26. Rxd7+ Kf8
27. Rxb7 $14) 24. b4 axb4 25. axb4 Nd7 26. e6 fxe6 27. Bh3 Nf8 28. Rxd8 Rxd8
29. Rxd8 {(1.50/1.22)} 1/2-1/2

[Event "Bled/Rogaska Slatina"]
[Site "Bled"]
[Date "1991.??.??"]
[Round "9"]
[White "Hansen, Lars Bo"]
[Black "Nikolic, Predrag"]
[Result "1/2-1/2"]
[WhiteElo "2525"]
[BlackElo "2620"]
[Annotator "Hertneck,G"]
[PlyCount "130"]
[EventDate "1991.06.??"]
[EventType "tourn"]
[EventRounds "13"]
[EventCountry "SLO"]
[EventCategory "12"]
[SourceTitle "CBM 024"]
[Source "ChessBase"]
[SourceDate "1991.10.01"]
[SourceVersion "1"]
[SourceVersionDate "1991.10.01"]
[SourceQuality "1"]

1. d4 d5 2. c4 c6 3. Nc3 e5 4. cxd5 cxd5 5. e4 dxe4 6. Bb5+ Bd7 7. dxe5 Bb4 8.
Bd2 (8. e6 $5 fxe6 $13 (8... Bxb5 $4 9. exf7+ Ke7 10. fxg8=N+ Qxg8 11. Bg5+ $18
)) (8. Qd5 $5) 8... Bxc3 {TN} (8... e3 $6 9. fxe3 $1 Nh6 10. e6 $1 fxe6 11.
Qh5+ $40 {Van der Sterren,P-Hector,J Kerteminde 1991}) 9. Bxd7+ Nxd7 10. Bxc3
Nc5 (10... Qg5 $5 11. Ne2 (11. Qd5 $2 Ngf6 (11... Qxg2 $2 12. O-O-O O-O-O 13.
e6 $1 fxe6 14. Qc4+ Kb8 15. Rxd7 $1 Qg5+ 16. Bd2 $18) 12. Qxb7 O-O 13. Nh3 (13.
exf6 Nc5 $40) 13... Qxg2 14. Rg1 Qxh3 15. exf6 Nc5 16. Rxg7+ Kh8 17. Rxf7 Nxb7
18. Rxf8+ Rxf8 19. f7+ Qxc3+ 20. bxc3 Rxf7 $19) 11... Ne7 $1 12. O-O Nxe5 13.
Qa4+ (13. Ng3 O-O 14. Nxe4 Qg6 15. Bxe5 Qxe4 16. Bd6 Rfd8 17. Re1 Qg6 18. Rxe7
Rxd6 $10) 13... N5c6 14. Qxe4 O-O $14) 11. Ne2 (11. Nh3 $5 Nd3+ 12. Kf1 Qd5 13.
Ng5 h6 14. Qa4+ b5 15. Qxe4 Ne7 $44) 11... Nd3+ (11... Ne7 $6 12. O-O O-O 13.
Ng3 {/\ Bb4 +/-}) 12. Kf1 Qd5 13. Ng3 O-O-O $5 (13... Ne7 14. Qa4+ b5 15. Qxe4
Rd8 $44) 14. Qa4 (14. Qg4+ Kb8 15. e6 $5 (15. Qxg7 Ne7 $44) (15. Qxe4 Ne7 $44 (
15... Qc5 $6 16. Qe3 $16)) 15... Nh6 $8 16. Qxg7 Qxe6 17. Bf6 Nf5 $1 (17...
Rhg8 $2 18. Qxh6 Rg6 19. Qxg6 hxg6 20. Bxd8 $13) 18. Nxf5 Rhg8 19. Bxd8 (19.
Nd4 $2 Qa6 $19) 19... Rxg7 20. Nxg7 Qe5 {/\ Qb2, /\ Qf4, /\ Qg7 -/+}) 14... Ne7
15. Kg1 $2 (15. Qxa7 $1 Nxb2 (15... Nxe5 16. Qa8+ Kd7 17. Qa4+ $16) 16. Ba5 $1
(16. Rc1 Nd3 17. Rc2 Nc5 18. Bd4 Qxd4 19. Qxc5+ Nc6 $13) 16... Rde8 (16... Qb5+
17. Kg1 Nc6 18. Qa8+ Kd7 19. Bxd8 Rxd8 (19... Qb4 20. Ba5 $1 $16) 20. Qa3 $16)
17. Rc1+ (17. Qb6 Qc4+ 18. Kg1 Na4 19. Qd6 Nd5 $13) 17... Kd7 18. Qb6 Rc8 19.
Qxb2 Rxc1+ 20. Qxc1 Qxa5 $13) 15... Nc5 16. Qxa7 Nc6 17. Qa3 h5 $1 18. h3 (18.
Nf1 $5 {/\ Ne3}) 18... e3 19. fxe3 Kc7 20. Bb4 Nxb4 21. Qxb4 Qxe5 22. Qf4 Qxf4
23. exf4 Nd3 24. Kh2 h4 25. Ne4 Rhe8 26. Ng5 f6 27. Nf3 Nxf4 28. Rac1+ Kb6 29.
Rhe1 g5 30. Rxe8 Rxe8 31. Rc2 Re3 32. Rf2 Re4 33. Nd2 Re1 34. Nf3 Re4 35. Nd2
Ra4 36. a3 Rd4 37. Nf3 Rc4 38. Nd2 Rc2 39. Ne4 Rxf2 40. Nxf2 f5 41. g3 Ne6 42.
gxh4 gxh4 43. Nd3 Kb5 44. Ne5 Ka4 45. Nf3 Kb3 46. Nxh4 Ng7 47. Nf3 Kxb2 48. Nd4
Kxa3 49. Kg3 Kb4 50. Kf4 Kc4 51. Nc2 Kd5 52. Nb4+ Ke6 53. Ke3 Kf6 54. Kd4 Ne6+
55. Kd5 Nc7+ 56. Kd6 Ne8+ 57. Kc5 f4 58. h4 Kf5 59. Nd3 f3 60. Kd4 Kg4 61. Ne5+
Kg3 62. Nxf3 Kxf3 63. h5 Kf4 64. h6 Nf6 65. Kc5 Kg5 1/2-1/2

[Event "Antwerp"]
[Site "Antwerp"]
[Date "1993.??.??"]
[Round "1"]
[White "Gurevich, Mikhail"]
[Black "Piket, Jeroen"]
[Result "0-1"]
[WhiteElo "2605"]
[BlackElo "2590"]
[Annotator "Hertneck,G"]
[PlyCount "64"]
[EventDate "1993.08.??"]
[EventType "tourn"]
[EventRounds "9"]
[EventCountry "BEL"]
[EventCategory "13"]
[SourceTitle "CBM 037"]
[Source "ChessBase"]
[SourceDate "1993.12.01"]
[SourceVersion "1"]
[SourceVersionDate "1993.12.01"]
[SourceQuality "1"]

1. d4 d5 2. c4 c6 3. Nc3 e5 4. dxe5 d4 5. Ne4 Qa5+ 6. Bd2 Qxe5 7. Ng3 Nf6 8.
Nf3 Qd6 9. Qc2 Be7 10. O-O-O O-O 11. e3 (11. Bc3 dxc3 (11... Qf4+ 12. e3 dxe3
13. Rd4 $16) 12. Rxd6 cxb2+ 13. Kb1 Bxd6 $44 {Kasparov,G}) 11... dxe3 12. Bc3 (
12. Bxe3 Qc7 13. Nf5 $14) 12... Qc7 13. fxe3 Na6 14. Kb1 $6 $146 (14. a3 Ng4 $1
(14... Nc5 $2 15. b4 Ne6 16. Nf5 $16 {Krasenkov,M-Yanofsky,D/Hastings op/1992})
15. Re1 $13) 14... Nb4 15. Qc1 (15. Qb3 a5) 15... Ng4 $1 16. a3 a5 $1 17. axb4
(17. Be1 Na6 $15) 17... axb4 18. Be1 Qa5 19. Rd3 (19. Kc2 Bc5 20. Nd4 Re8 21.
Nb3 Qa4 $40) 19... Qa2+ 20. Kc2 b5 $1 21. h3 (21. cxb5 cxb5 22. Kd1 (22. Qb1
b3+ 23. Rxb3 Qa4 $17 {Piket,J}) 22... Be6 $40) 21... bxc4 22. hxg4 cxd3+ 23.
Bxd3 g6 24. e4 (24. Nd4 c5 25. e4 $1 Qa4+ $1 26. Nb3 (26. b3 Qa2+ 27. Kd1 cxd4
28. Qh6 Bxg4+ 29. Ne2 Bxe2+ $19) 26... Be6 27. Qh6 Qxb3+ 28. Kd2 Qxb2+ $19)
24... Rd8 25. Qh6 b3+ 26. Kd2 (26. Kc1 Qa1+ 27. Bb1 Qxb1+ 28. Kxb1 Rd1+ 29. Qc1
Ra1+ 30. Kxa1 Rxc1#) 26... Qxb2+ 27. Ke3 Bc5+ 28. Kf4 Rxd3 29. Qxh7+ Kf8 30. e5
Ra4+ 31. Ne4 Rxe4+ 32. Kxe4 Rd4+ 0-1

[Event "Valby K41"]
[Site "Valby"]
[Date "1991.??.??"]
[Round "8"]
[White "Danielsen, Henrik"]
[Black "Hector, Jonny"]
[Result "0-1"]
[WhiteElo "2405"]
[BlackElo "2500"]
[Annotator "Hertneck,G"]
[PlyCount "48"]
[EventDate "1991.09.??"]
[EventType "tourn"]
[EventRounds "9"]
[EventCountry "DEN"]
[EventCategory "10"]
[SourceTitle "CBM 027"]
[Source "ChessBase"]
[SourceDate "1992.04.01"]
[SourceVersion "1"]
[SourceVersionDate "1992.04.01"]
[SourceQuality "1"]

1. c4 c6 2. d4 d5 3. Nc3 e5 4. cxd5 cxd5 5. Nf3 (5. e4 dxe4 6. Bb5+ Bd7 7. dxe5
Nc6 8. Bf4 Nge7 9. Nge2 Ng6 10. Qd5 Bb4 11. Qxe4 Qh4 12. O-O Bxc3 13. bxc3 O-O
14. Rad1 Ngxe5 $1 {Krasenkov,N-Shabalov,A, URS-ch58 1991}) 5... e4 6. Ne5 f6 $1
(6... Be7 7. Qa4+ Kf8 8. h3 f6 9. Ng4 Nc6 10. Bf4 Be6 11. Ne3 a6 12. g4 $1 {
+/=/+/- Uhlmann-Hector, Debrecen 1989, 47/455}) 7. Qa4+ Nd7 8. Nxd5 {TN} (8.
Ng4 Kf7 $1 9. Ne3 (9. Nxd5 Nb6 10. Nxb6 Qxb6 11. Ne3 Bb4+ 12. Bd2 Bxd2+ 13.
Kxd2 Qxb2+ 14. Nc2 Be6 15. Qb4 Qxb4+ 16. Nxb4 Ne7 $15) 9... Nb6 10. Qb3 Be6 11.
a4 a5 {=/+ Wiedenkeller-Engqvist, SVE-ch 1990, 50/(401)}) (8. Nxd7 Bxd7 9. Qb3
Bc6 10. Bf4 a5 11. a3 a4 12. Qd1 g5 $5 13. Bg3 h5 14. h4 g4 15. e3 Bh6 {
/\ Ne7-f5 =/+ Lukacs-Janofsky, Budapest 1991}) 8... fxe5 9. dxe5 b5 $1 10. Qxb5
Ne7 11. Bg5 (11. e6 Nxd5 12. Qxd5 Bb4+ $19) 11... Rb8 12. Qa4 Bb7 $17 13. Ne3
Bc6 14. Qxa7 Ra8 15. Qd4 Qa5+ 16. Qd2 Qxd2+ 17. Kxd2 Nxe5 18. f4 Nf7 19. Bxe7
Bxe7 20. Nc2 Bf6 21. Rb1 O-O 22. e3 Rfd8+ 23. Kc1 Rxa2 24. Nb4 Ra5 0-1

[Event "Belgrade Investbank"]
[Site "Belgrade"]
[Date "1991.??.??"]
[Round "?"]
[White "Beliavsky, Alexander G"]
[Black "Lautier, Joel"]
[Result "1-0"]
[WhiteElo "2655"]
[BlackElo "2560"]
[Annotator "Hertneck,G"]
[PlyCount "107"]
[EventDate "1991.11.??"]
[EventType "tourn"]
[EventRounds "11"]
[EventCountry "YUG"]
[EventCategory "15"]
[SourceTitle "CBM 027"]
[Source "ChessBase"]
[SourceDate "1992.04.01"]
[SourceVersion "1"]
[SourceVersionDate "1992.04.01"]
[SourceQuality "1"]

1. d4 d5 2. c4 c6 3. Nc3 e5 4. cxd5 cxd5 5. e4 dxe4 6. Bb5+ Bd7 7. dxe5 Bb4 8.
e6 $2 {TN} fxe6 (8... Bxb5 $4 9. exf7+ Ke7 10. fxg8=N+ $1 $18) 9. Qh5+ g6 10.
Qe5 Qf6 (10... Nf6 11. Qxe6+ (11. Bh6 $5) 11... Qe7 12. Qc4 (12. Qxe7+ Kxe7 $15
) 12... Nc6 $13) 11. Bf4 a6 (11... Nc6 12. Bxc6 Bxc6 13. Nge2 Rd8 14. O-O Bd6
15. Qxf6 Nxf6 {=/+/-/+}) 12. Bc4 Nc6 13. Qxf6 Nxf6 {=/+/-/+} 14. Nge2 Na5 15.
Bb3 Nxb3 16. axb3 Bb5 17. Nd4 Bd3 18. Nxe6 Ke7 19. Nd4 Rhd8 20. Nde2 Rac8 21.
Rc1 Rc6 22. Bd2 a5 23. h4 Kf7 24. Rh3 h5 25. Bg5 Rdc8 26. Nf4 Ba6 27. Bxf6 Kxf6
28. Rg3 Kf7 29. Re3 Bd6 30. Rxe4 Re8 31. Rxe8 Bxf4 32. Re3 Bxe3 33. fxe3 Rb6
34. Kd2 Rxb3 35. Kc2 Rb4 36. e4 Rd4 37. Ra1 b6 38. Re1 Bd3+ 39. Kd2 Bc4+ 40.
Kc2 Ke6 41. Re3 Ke5 42. Rg3 Rd6 43. b3 Bf1 44. Rg5+ Kf4 45. e5 Re6 46. g3+ Kf3
47. Nd5 Bh3 48. Kd3 Bg4 49. Kd4 Kxg3 50. Nf6 b5 51. Rxg6 a4 52. bxa4 bxa4 53.
Nxh5+ Kxh4 54. Rxe6 1-0

[Event "Interpolis"]
[Site "Tilburg"]
[Date "1992.10.13"]
[Round "2.3"]
[White "Karpov, Anatoly"]
[Black "Chernin, Alexander"]
[Result "0-1"]
[WhiteElo "2715"]
[BlackElo "2600"]
[Annotator "Hertneck,G"]
[PlyCount "112"]
[EventDate "1992.10.08"]
[EventType "k.o."]
[EventRounds "7"]
[EventCountry "NED"]
[SourceTitle "CBM 032"]
[Source "ChessBase"]
[SourceDate "1993.02.01"]
[SourceVersion "1"]
[SourceVersionDate "1993.02.01"]
[SourceQuality "1"]

{Barrage 30'} 1. d4 d5 2. c4 c6 3. Nc3 Nf6 4. e3 Bg4 5. Qb3 $5 (5. f3) 5... Qb6
6. Qxb6 (6. f3 Be6 7. c5 Qc7 8. Nge2 Bc8 9. e4 dxe4 10. Bf4 Qa5 11. O-O-O $36 {
Garcia Palermo-Kirov, La Habana 1986, 42/(464)}) 6... axb6 7. cxd5 Nxd5 8. Nxd5
cxd5 9. Bd2 Bd7 10. Nf3 Nc6 $6 (10... e6 11. Ne5 $140 Bc6 12. Bd3 f6 $10) 11.
Ne5 $1 Nxe5 12. dxe5 $14 e6 13. a3 Bc6 14. Bc3 b5 $5 15. b4 Be7 16. Bd3 f6 17.
f4 O-O 18. O-O $6 (18. Ke2 $1 d4 $140 19. Bxd4 Bxg2 20. Rhc1 Bc6 21. Bc5 $16)
18... Ra6 19. Bb2 Bd8 $1 20. Bd4 Bb6 21. Bxb6 Rxb6 22. Rfc1 fxe5 23. fxe5 Rd8
24. Rc5 d4 $1 25. e4 Ra8 26. Kf2 Kf7 27. Ke2 Ke7 28. Kd2 Kd7 $2 (28... Rf8 $1
$10) 29. a4 $1 $16 Rba6 30. Bxb5 Bxb5 31. Rxb5 b6 32. Rc1 R8a7 33. Kd3 Rxa4 34.
Rxb6 Ra2 35. Rcc6 R7a3+ 36. Kxd4 Rd2+ 37. Kc5 Rc3+ 38. Kb5 Rxc6 39. Rxc6 Rxg2
40. Kb6 Rxh2 41. Rc7+ Kd8 42. b5 g5 43. Rg7 h5 44. Kc6 g4 45. b6 Rc2+ 46. Kd6
Kc8 47. Kxe6 Rc3 48. Rg5 Rc6+ 49. Kf7 Kd7 50. b7 Rb6 51. e6+ Kc7 52. e7 Rxb7
53. e8=Q Kd6+ 54. Qe7+ Rxe7+ 55. Kf6 Re6+ 56. Kf7 Re5 {Time} 0-1

[Event "Madrid"]
[Site "Madrid"]
[Date "1994.??.??"]
[Round "3"]
[White "Salov, Valery"]
[Black "Shirov, Alexei"]
[Result "1/2-1/2"]
[WhiteElo "2685"]
[BlackElo "2715"]
[Annotator "Hertneck,G"]
[PlyCount "105"]
[EventDate "1994.05.??"]
[EventType "tourn"]
[EventRounds "9"]
[EventCountry "ESP"]
[EventCategory "15"]
[SourceTitle "CBM 041"]
[Source "ChessBase"]
[SourceDate "1994.08.01"]
[SourceVersion "1"]
[SourceVersionDate "1994.08.01"]
[SourceQuality "1"]

1. d4 d5 2. c4 c6 3. Nc3 Nf6 4. cxd5 cxd5 5. Bf4 Nc6 6. e3 Bg4 {A new idea
introduced by V. Kramnik} 7. Qb3 Na5 8. Bb5+ Bd7 9. Qa4 (9. Bxd7+ Qxd7 10. Qb5
{Hertneck,G-Kramnik,V/Bundesliga/1993}) 9... e6 (9... Nc6 10. Nf3 a6 11. Bxc6
Bxc6 12. Qb3 e6 13. Ne5 $13) 10. Bg5 (10. Bxd7+ Nxd7 11. Nb5 $2 Rc8 12. Nxa7
Rc4 13. Qb5 Rb4 $1 $36) (10. Nf3) 10... Nc4 (10... Nc6) 11. e4 (11. Bxf6 gxf6
12. Bxd7+ Qxd7 13. Qxd7+ Kxd7 14. b3 Bb4 15. Nge2 $14) 11... Nxb2 12. Qb3 Nc4
13. exd5 (13. e5 h6 14. Bh4 g5 $13) 13... exd5 14. Nf3 $1 (14. Nxd5 $2 Qa5+ 15.
Ke2 Nxd5 16. Bxc4 Bc6 $15) (14. Bxf6 gxf6 15. Nxd5 Qa5+ 16. Ke2 Bxb5 17. Qxb5+
Qxb5 18. Nc7+ Kd7 19. Nxb5 $13) 14... Bxb5 (14... Be7 15. Bxf6 Bxf6 16. O-O O-O
17. Nxd5 Bxb5 18. Qxb5 Nd6 $13) 15. Qxb5+ Qd7 16. Bxf6 Qxb5 $5 (16... gxf6 17.
Qxd5 $14) 17. Nxb5 gxf6 18. Nc7+ Kd7 19. Nxa8 Bb4+ 20. Ke2 Re8+ $6 (20... Rxa8
21. Rab1 a5 $44) 21. Kd3 Nb2+ $2 (21... Rxa8) 22. Kc2 Re2+ 23. Kb3 Ba5 24. Rhc1
Nc4 25. Rc2 Re8 26. Rxc4 $2 (26. Ka4 $1 b6 (26... Rxa8 $2 27. Rxc4 $18) 27.
Nxb6+ Bxb6 28. Rd1 $16) 26... dxc4+ 27. Kxc4 Rxa8 28. Rb1 Rc8+ 29. Kd5 b6 $10
30. Rb2 a6 31. Nh4 b5 32. Nf5 Rc1 33. g3 Bc3 34. Re2 Bb4 35. Rb2 Bf8 36. h4 Kc7
37. Ne3 Kd7 38. Nf5 Kc7 39. Ne3 Kd7 40. h5 Rh1 41. g4 Rc1 42. Nf5 Rc6 43. Re2
Rb6 44. Rb2 a5 45. a4 Bb4 46. axb5 Rxb5+ 47. Kc4 Rb8 48. Ne3 Kd6 49. Nf5+ Kc6
50. Ne7+ Kd6 51. Nf5+ Kc6 52. Ne7+ Kd6 53. Nf5+ 1/2-1/2